000 nam a22 7a 4500
999 _c28255
_d28255
008 170224b xxu||||| |||| 00| 0 eng d
020 _a076455283
050 _aHD 69 .P75P67 2001
100 _aPortny, Stanley E.
245 _aProject Management for Dummies /
_cStanley E. Portny
260 _aFoster city, CA :
_bIDG Books ,
_c2001 .
300 _axxiv, 350p. :
_bill. ;
650 _2project management
942 _2lcc
_cBOOKS
_hHD 69 .P75P67 2001